Statistiques concernant Capitales mondiales les plus proches d'Islamabad - sprint d'une minute

Cliquez ici pour prendre le quiz!

Statistiques générales

  • Ce quiz a été pris 35 fois
  • Le résultat moyen est 7 sur 20

Statistiques - réponses

kmcapitale% Correct
689New Delhi
81%
1990Téhéran
77%
2652Bagdad
61%
370Kaboul
58%
1945Astana
48%
1346Katmandou
45%
911Tachkent
45%
1030Bichkek
42%
660Douchanbé
39%
2422Koweït
39%
1404Achgabat
35%
2083Abou Dabi
29%
2013Dacca
26%
2279Doha
23%
1727Thimphou
23%
2184Bakou
16%
1816Mascate
13%
2625Erevan
10%
2627Tbilissi
10%
2314Manama
6%

Distribution des résultats

Percentile par nombre de réponses

% des personnes avec chaque résultat

Votre développement - résultats

Vous n’avez pas pris ce quiz